Hoá học đại cương : Dùng cho các trường đại học kỹ thuật

Nội dung tài liệu trình bày các kiến thức về cấu tạo nguyên tử, định luật tuần hoàn các nguyên tố hoá học, liên kết hoá học và cấu tạo phân tử, các trạng thái cấu tạo của vật chất, các nguyên lí của nhiệt động học, cân bằng hoá học...

Deskribapen osoa

Gorde:
Xehetasun bibliografikoak
Egile nagusia: Nguyễn Khanh
Formatua: Liburua
Hizkuntza:Vietnamese
Argitaratua: H. Bách khoa Hà Nội 2011
Edizioa:Xuất bản lần thứ 3, có sửa chữa và bổ sung
Gaiak:
Etiketak: Etiketa erantsi
Etiketarik gabe, Izan zaitez lehena erregistro honi etiketa jartzen!
Thư viện lưu trữ: Thư viện Trường Đại học Nam Cần Thơ
LEADER 01617aam a22002298a 4500
001 NCT_1130
008 111011s2011 ||||||viesd
999 |c 56  |d 56 
020 |c 62500 
082 0 4 |2 23rd ed.  |a 540  |b Kh107 
100 1 |a Nguyễn Khanh 
245 1 0 |a Hoá học đại cương :  |b Dùng cho các trường đại học kỹ thuật  |c Nguyễn Khanh 
250 |a Xuất bản lần thứ 3, có sửa chữa và bổ sung 
260 |a H.  |b Bách khoa Hà Nội  |c 2011 
300 |a 166tr.  |b minh hoạ  |c 27cm 
520 3 |a Nội dung tài liệu trình bày các kiến thức về cấu tạo nguyên tử, định luật tuần hoàn các nguyên tố hoá học, liên kết hoá học và cấu tạo phân tử, các trạng thái cấu tạo của vật chất, các nguyên lí của nhiệt động học, cân bằng hoá học, dung dịch, dung dịch điện li, động học các quá trình hoá học, điện hoá học 
655 |a Giáo trình 
942 |2 ddc  |c BK 
952 |0 0  |1 0  |2 ddc  |4 0  |6 540_000000000000000_KH107  |7 0  |9 200  |a 000001  |b 000001  |d 2017-10-02  |l 1  |o 540 Kh107  |p MD.00101  |r 2017-12-11  |s 2017-11-28  |v 62500.00  |w 2017-10-02  |y BK 
952 |0 0  |1 0  |2 ddc  |4 0  |6 540_000000000000000_KH107  |7 0  |9 201  |a 000001  |b 000001  |d 2017-10-02  |o 540 Kh107  |p MD.00100  |r 2017-10-02  |v 62500.00  |w 2017-10-02  |y BK 
952 |0 0  |1 0  |2 ddc  |4 0  |6 540_000000000000000_KH107  |7 0  |9 202  |a 000001  |b 000001  |d 2017-10-02  |o 540 Kh107  |p MD.00099  |r 2017-10-02  |v 62500.00  |w 2017-10-02  |y BK 
980 |a Thư viện Trường Đại học Nam Cần Thơ